| 000 | 00635nam a22001937a 4500 | ||
|---|---|---|---|
| 999 |
_c195620 _d195620 |
||
| 005 | 20230410095357.0 | ||
| 010 | _aUR-11915 | ||
| 020 | _c500.0 | ||
| 035 | _aU-10470 | ||
| 037 | _bDBAD/PUB | ||
| 082 | _a230.1 | ||
| 100 | _aکول ، سروانند پریمی | ||
| 245 |
_aشری مد بھگوت گیتا / _cسروانند کول پریمی |
||
| 246 |
_aShrimad Bhagvad Gita / _bby Sarwanand Kaul Premi |
||
| 260 |
_aني دہلی _bراجند ر پریمی _c2009 ء |
||
| 270 |
_a172 ای ، سریتا وہار _bني دہلی _e110076 |
||
| 300 |
_a326ص _c22cm(Hb) |
||
| 942 |
_2ddc _cUR _h230.1 _mک و ل |
||